zpět

Detail výsledku týmu

Stavba, Brno

Datum a čas kvízu

24 Celkem bodů Celkový počet nahraných bodů na tomto kvízu bez doplňovacích otázek.
5. Pořadí na kvízu Konečné umístění týmu na tomto kvízu.

Zaznamenané odpovědi

# Otázka Odpověď Body Výsledky
1. Na sociálních sítích se minulý... v Pardubicích 1
2. Válkou postižené Ukrajině přic... Starlink 1
3. Jak zní název nového krimináln... Šéfka 0
4. V pondělí představila společno... příchuť vesmíru 0
5. Jak se jmenuje tenista, který... Jiří Veselý 1
6. Začneme sarajevským atentátem... V 50 letech. (Uznáváme 48–52 let.) 0
7. Na Adolfa Hitlera bylo spáchán... Stauffenberg 0
8. Fanny Kaplanová byla ruskou po... B 1
9. Napište jméno kladenského rodá... Antonín Čermák, Franklin D. Roosevelt 1
10. Poslední bod tohoto tématu roz... Bénazír Bhuttová, Pákistán 0